3-literowe rzeczowniki - Statystyki

Ogólne statystyki
  • Ten quiz został rozwiązany 22 razy
  • Średni wynik to 56 z 132
Statystyki odpowiedzi
Odpowiedź % Poprawnych
bar
90%
las
90%
los
90%
bal
86%
bat
86%
kot
86%
ból
76%
dar
76%
kat
76%
koń
76%
kos
76%
bas
71%
bez
71%
lis
71%
mak
71%
wąż
71%
len
67%
leń
67%
osa
67%
rak
67%
sok
67%
dom
62%
jak
62%
kit
62%
lek
62%
mol
62%
nic
62%
buk
57%
gaz
57%
lód
57%
noc
57%
pan
57%
pas
57%
por
57%
pot
57%
rok
57%
sad
57%
sąd
57%
ser
57%
bok
52%
era
52%
gil
52%
mat
52%
nos
52%
pal
52%
paw
52%
ryś
52%
sen
52%
tor
52%
cal
48%
cel
48%
gar
48%
lot
48%
mit
48%
żar
48%
żuk
48%
bit
43%
kij
43%
lit
43%
oko
43%
ona
43%
tok
43%
żal
43%
cud
38%
dół
38%
huk
38%
łuk
38%
mop
38%
rów
38%
syn
38%
żak
38%
car
33%
gad
33%
gaj
33%
gen
33%
gra
33%
guz
33%
kęs
33%
kok
33%
ład
33%
lep
33%
lud
33%
mąż
33%
oda
33%
oni
33%
pąk
33%
tik
33%
zez
33%
dym
29%
hel
29%
hit
29%
jod
29%
łom
29%
moc
29%
pet
29%
rój
29%
udo
29%
wir
29%
zad
29%
bon
24%
byt
24%
dąb
24%
emu
24%
jad
24%
kuc
24%
nów
24%
nur
24%
ono
24%
pęd
24%
raj
24%
rap
24%
rym
24%
tan
24%
tło
24%
ćma
19%
coś
19%
ryj
19%
syk
19%
ząb
19%
akt
14%
cep
14%
dip
14%
jaw
14%
łeb
14%
łów
14%
zew
14%
zoo
14%
dno
10%
łój
10%
łup
10%
tył
10%
pył
5%
Nie znaleziono quizów pasujących do podanych kryteriów
Rozkład punktacji
Procent ludzi z każdym wynikiem
Percentyl według liczby udzielonych odpowiedzi
Twoja historia wyników
Nie rozwiązałeś tego quizu